| 000 | 00622nam a22001817a 4500 | ||
|---|---|---|---|
| 999 |
_c63973 _d63973 |
||
| 005 | 20260302124225.0 | ||
| 008 | 260302s1999 enk||||| |||| 00| 0 geo d | ||
| 020 | _a 9780231108430x | ||
| 041 | _aeng | ||
| 080 | _a32(520) : 316.334.3(520) C-95 | ||
| 100 |
_aCurtis, Gerald L. _927024 |
||
| 245 |
_aThe Logic of Japanese Politics : _bLeaders, institutions, and the limits of change / _cGerald L. Curtis. |
||
| 264 |
_a New York : _b Columbia University Press, _c1999. |
||
| 300 |
_a303 p. : _b ill. ; _c24 cm. |
||
| 653 | _aიაპონია | ||
| 653 | _aპოლიტიკა | ||
| 942 |
_2udc _cᲬᲘᲒᲜᲘ |
||